Niets dan een droom. (Record no. 6899)

MARC details
000 -LEADER
fixed length control field 00664cam a22002171 4500
001 - CONTROL NUMBER
control field af 49001241
003 - CONTROL NUMBER IDENTIFIER
control field DLC
005 - DATE AND TIME OF LATEST TRANSACTION
control field 20260227110919.0
008 - FIXED-LENGTH DATA ELEMENTS--GENERAL INFORMATION
fixed length control field 890623s1944 be 000 0 dut c
010 ## - LIBRARY OF CONGRESS CONTROL NUMBER
LC control number af 49001241
035 ## - SYSTEM CONTROL NUMBER
System control number (OCoLC)19918505
040 ## - CATALOGING SOURCE
Original cataloging agency New York. Public Libr.
Transcribing agency CU
Modifying agency DLC
042 ## - AUTHENTICATION CODE
Authentication code premarc
050 00 - LIBRARY OF CONGRESS CALL NUMBER
Classification number PT6460.W4
Item number N5 1944
100 1# - MAIN ENTRY--PERSONAL NAME
Personal name Weyts, Staf,
Dates associated with a name 1909-
245 10 - TITLE STATEMENT
Title Niets dan een droom.
250 ## - EDITION STATEMENT
Edition statement [2. druk]
260 ## - PUBLICATION, DISTRIBUTION, ETC.
Place of publication, distribution, etc. Antwerpen,
Name of publisher, distributor, etc. Nederlandsche Boekhandel,
Date of publication, distribution, etc. 1944.
300 ## - PHYSICAL DESCRIPTION
Extent 216 p.
Dimensions 20 cm.
505 0# - FORMATTED CONTENTS NOTE
Formatted contents note Niets dan een droom.--De dood mijner ouders.--Een namiddag met Eric.--Mevrouw Durieux.--Met Hélène op de boot.

No items available.

Powered by Koha